Caricamento...

Penguin dictionary of sociology

Dettagli Bibliografici
Autore principale: Abercrombite, Nicholas, et al
Natura: Printed Book
Pubblicazione: London Penguin Books 1988
Edizione:2 edition
Soggetti:
LEADER 00476nam a2200157 4500
082 |a R 301 ABE-P2 
100 |a Abercrombite, Nicholas, et al. 
245 |a Penguin dictionary of sociology 
250 |a 2 edition 
260 |a London  |b Penguin Books  |c 1988 
300 |a 267 p 
490
650 |a Sociology 
942 |c BK 
999 |c 232152  |d 232152 
952 |0 0  |1 0  |4 0  |6 R_301_000000000000000_ABEP2  |7 0  |9 246285  |a SDE  |b SDE  |d 2019-12-12  |l 0  |o R 301 ABE-P2  |p SDE11576  |r 2019-12-12  |w 2019-12-12  |y BK